| 000 | 01021nam a2200313 i 4500 | ||
|---|---|---|---|
| 003 | EG-GICUC | ||
| 005 | 20260401091629.0 | ||
| 008 | 260401s1979 -us||||fr|||| 00| 0 eng d | ||
| 020 | _a 0891584765 | ||
| 040 |
_aEG-GiCUC _beng _cEG-GiCUC _dEG-GiCUC _erda |
||
| 041 | 0 | _aeng | |
| 082 | 0 | 4 |
_221 _a341.48 _bHU |
| 092 | 0 | 4 | _221 |
| 099 | _aLaw1 11 341.48 HU 1979 | ||
| 245 | 0 | 0 |
_aHuman Rights And U.s. Foreign Policy / _cEdited By Barry M. Rubin, And Elizabeth P. Spiro; With A Foreword By Muriel S. Humphrey. |
| 264 | 1 |
_aColorado : _bWestview Press, _c1979. |
|
| 300 |
_a283 pages, _c24 cm |
||
| 336 |
_2rda content _atext |
||
| 337 |
_2rda media _aComputer |
||
| 338 |
_2rda carrier _aOnline Resource |
||
| 546 | _aText in English | ||
| 650 | 1 | 4 | _aPublic international law |
| 700 | 1 |
_aRubin, Barry M _eeditor. |
|
| 700 | 1 |
_aSpiro , Elizabeth P _eeditor. |
|
| 700 | 1 |
_aHumphreyv, Muriel S _epresenter |
|
| 856 | 4 | 0 | _uhttps://fll.law.cu.edu.eg/fulltext/bks/B11-09379.pdf |
| 905 | _a48 | ||
| 942 |
_2ddc _cBK _e21 _n0 |
||
| 999 |
_c68060 _d68060 |
||